000 00872nam a22002297a 4500
008 130821s2007 mx a gr spa
020 _a9789681681418
040 _aCO-BoUCM
_bspa
_cAngélica Rojas
_dAldemar Mondragón
041 0 0 _aspa
100 1 _aBaranda, María
_937208
_d1962-
245 1 0 _aMarte y las princesas voladoras
_cMaría Baranda ; ilustraciones de Elena Odriozola
260 _aMéxico D.F. (México)
_bFondo de Cultura Económica
_c2007
300 _a35 páginas
_bilustraciones
490 0 _aA la Orilla del Viento
650 7 _aCuentos infantiles mexicanos
_937285
650 7 _aLiteratura infantil mexicana
_937286
650 7 _aLiteratura mexicana
_918708
690 _aLiteratura latinoamericana
700 1 _aOdriozola, Elena
_eilustrador
_937209
942 _cLIBRO
_a18
_e1
_mB225m
_2DEWEY
_h868.44
_n0
999 _c166525
_d166525